000 00680nam a2200205 u 4500
005 20210223133007.0
008 160725s2013 r 000 0 eng d
020 _a9786077290445
035 _aUPN01000211905
049 _aCG
050 4 _aKGF3003
_bL3.2
100 1 _aLara Patrón, Rubén Jesús,
_d1977-
_940716
245 1 0 _aAlgunas resoluciones relevantes del poder judicial en materia de derechos humanos /
_cRubén Jesús Lara Patrón.
260 _aMéxico :
_bCNDH,
_c2013.
300 _a63 p.
440 0 _aColección de textos sobre derechos humanos
650 4 _aDERECHOS HUMANOS -
_zMEXICO -
_xLEYES Y LEGISLACION
_917444
905 _aLibro
999 _c184006
_d184006